00485nam a22001577a 450000500170000001000150001702000260003203500140005803700130007208200080008510000210009324500570011426000410017127000840021230000310029620210907111857.0 aENG-126676 a9789353162566c725.00 aEN-110208 bDBAD/PUB a000 aSinghania, Nitin aWBCS :bgeneral studies manual /cby Nitin Singhania aChennaibMcGraw Hill Educationc2019 a444/1, Sri Ekambara Naicker Industrial EstatebAlapakkam, Porur, Chenaie600116 avarious paging.c27cm(pbk)